000 00577cam a2200229 4500
001 298446
005 20180222041535.0
008 720927s1973 inua b 001 0 eng
010 _a 72010008
020 _a0672637154 (pbk)
040 _aDLC
_cDLC
_dDLC
041 _aeng
043 _an-us---
080 _a338.973 DON
082 0 0 _a338.973 DON
_219
100 1 _a19
101 _aPOL
245 1 4 _aThe politics of poverty
_c[by] John C. Donovan.
504 _aBibliography: p. 191-195.
906 _a7
_bcbc
_corignew
_d1
_eocip
_f19
_gy-gencatlg
942 _2ddc
_cBK
999 _c43140
_d43140